000 00760nam a22002537a 4500
001 BR9406158
003 BR-BrBNA
005 20230928094131.0
007 ta
008 230509b bl.||||| |||| 00| 0 por d
040 _aBR-BrBNA
_bpor
_cBiblioteca Nacional de Agricultura
041 _a(Por)
072 _aP10
090 _ P10 BR9406158
110 1 _aMinisterio das Minas e Energia, Brasilia, DF (Brasil)
_97081
245 1 _aAnalise regional. Calculo das expressoes de regionalizacao para a Bacia do Rio Jequitinhonha
260 3 _aBrasilia, DF (Brasil):
_c1984.
300 _a60 p.
500 _a13 ref.; 10 tables; 9 illus.
650 _aRecurso Hidrico
650 _aBacia Hidrografica
909 _a202309
_bLucia
_c55
_dLucia Elande
942 _cBK
999 _c49021
_d49021